| 000 | 00418nam a22001697a 4500 | ||
|---|---|---|---|
| 999 |
_c6391 _d6389 |
||
| 005 | 20210904113515.0 | ||
| 008 | 200521b xxu||||| |||| 00| 0 eng d | ||
| 020 | _a9788193871805 | ||
| 041 | _aeng | ||
| 082 | _a320 GAU | ||
| 100 |
_aGauba, D.P _95705 |
||
| 245 | _aAn Introduction to Political Theory | ||
| 260 |
_aNew Delhi _bMayur Book's _c2014 |
||
| 300 | _a69p. | ||
| 650 |
_aPolticalScience _95706 |
||
| 942 | _cBK | ||